Case in business and society
Saved in:
| Main Author: | |
|---|---|
| Format: | Book |
| Language: | Undetermined |
| Published: |
Englewood
Prenice-Hall
1982
|
| Subjects: | |
| Tags: |
Add Tag
No Tags, Be the first to tag this record!
|
| Institutions: | Trung tâm Học liệu Trường Đại học Cần Thơ |
|---|
| LEADER | 00540nam a2200205Ia 4500 | ||
|---|---|---|---|
| 001 | CTU_86677 | ||
| 008 | 210402s9999 xx 000 0 und d | ||
| 082 | |a 658.4 | ||
| 082 | |b P275 | ||
| 100 | |a Partridge, Scott H. | ||
| 245 | 0 | |a Case in business and society | |
| 245 | 0 | |c Scott H. Partridge | |
| 260 | |a Englewood | ||
| 260 | |b Prenice-Hall | ||
| 260 | |c 1982 | ||
| 650 | |a Industry | ||
| 650 | |x Social aspects,Case studies | ||
| 650 | |z United states | ||
| 904 | |i Năm | ||
| 980 | |a Trung tâm Học liệu Trường Đại học Cần Thơ | ||